• 首页
  • 本馆介绍
  • 公告通知
  • 最新文献
  • 馆藏检索
  • 电子资源
  • 读者导购
  • 参考咨询
  • 我的图书馆
  • 登录
  • 详细信息显示
  • 放入我的书架
  • 预约/预借图书
  • 作者相关作品
  • 分类相关作品
  • 丛书相关作品
  • 出版社相关作品

书目信息

  • 表格格式
  • 工作单格式
  • 卡片格式
题名:
排球技巧图解
    
 
作者: 钟秉枢 , 苏丽敏 主编
分册:  
出版信息: 北京   北京体育大学出版社  2003
页数: 245页
开本: 20cm
丛书名:
单 册:
中图分类: G842.19
科图分类:
主题词: 排球运动 , 运动技术 , 排球运动--运动技术--图解
电子资源:
ISBN: 7-81051-873-9
000 00842nam0 2200253 450
001 002298456
005 20061112141535.56
010    @a7-81051-873-9@dCNY19.00
100    @a20030209d2003 em y0chiy0110 ea
101 0  @achi
102    @aCN@b110000
105    @aa z 000yy
200 1  @a排球技巧图解@9pai qiu ji qiao tu jie@f钟秉枢,苏丽敏主编
210    @a北京@c北京体育大学出版社@d2003
215    @a245页@c照片@d20cm
330    @a本书图文并茂、通俗易懂地讲解了排球技术的特点、分类,准备姿势和移动及其运用方法,发球技术要领,正面下手发球,发侧旋球等内容。
606 0  @a排球运动
606 0  @a运动技术
606 0  @a排球运动@x运动技术@j图解
690    @aG842.19@v4
701  0 @a钟秉枢@9zhong bing shu@f(1959.1~)@4主编
701  0 @a苏丽敏@9su li min@c(女,@f1960~)@4主编
801  0 @aCN@bNLC@c20061112
905    @a10447@dG842.19@e252
    
    排球技巧图解/钟秉枢,苏丽敏主编.-北京:北京体育大学出版社,2003
    245页:照片;20cm
    
    
    ISBN 7-81051-873-9:CNY19.00
    本书图文并茂、通俗易懂地讲解了排球技术的特点、分类,准备姿势和移动及其运用方法,发球技术要领,正面下手发球,发侧旋球等内容。
●
相关链接 在E读中查询图书 在五车中查询图书 在当当中查询图书 在豆瓣中查询图书


正题名:排球技巧图解     索取号:G842.19/252         预约/预借

序号 登录号 条形码 馆藏地/架位号 状态 备注
1 0383706   203837063   第一样本阅览室/ [索取号:G842.19/252] 在馆    
2 0383707   203837072   第四借阅区/ [索取号:G842.19/252] 在馆    
3 0383708   203837081   第四借阅区/ [索取号:G842.19/252] 在馆    
4 0383709   203837090   第四借阅区/ [索取号:G842.19/252] 在馆    
5 0383710   203837107   第四借阅区/ [索取号:G842.19/252] 在馆    
唐山师范学院图书馆 欢迎您!
大连网信软件有限公司© 版权所有